000 00910nam a2200265 a 4500
001 BRL_1132
005 20190320211041.0
008 141113c1962----ag-a######---#000-0#spa-#
041 _aspa
044 _aag
050 4 _aDB851
_b.B75 1962
100 1 _aBrion, Marcel
_d1895-1984
_97635
245 1 0 _aLa vida cotidiana en Viena en la época de Mozart y Schubert
_cMarcel Brion ; traducción de Horacio A. Maniglia.
260 _aArgentina
_bHachette
_c1962
300 _a368 p.
_bil.
_c22 cm.
500 _aIncluye índice de ilustraciones
500 _aTraducción de: La vie quotidienne a Vienne a l´époque de Mozart et de Schubert
500 _aAu1332
650 1 4 _aMúsica
_zViena, Austria
_925879
651 4 _aViena (Austria)
_xVida social y costumbres
_925880
651 4 _aViena (Austria)
_xCivilización
_925881
700 1 _aManiglia, Horacio A.
_etr.
_925882
902 _aGRL
942 _2lcc
_cB
999 _c9944
_d9944